Statistics for Super Easy Geography Quiz

Click here to take the quiz!

General Stats

  • This quiz has been taken 85 times
  • The average score is 14 of 20

Answer Stats

QuestionAnswer% Correct
As of 2020, Donald Trump is the President of this country.United States
95%
What is the tallest mountain in the world?Mt. Everest
93%
What is the worlds largest desert (not including polar deserts)?Sahara Desert
92%
Berlin is the capital city of which country?Germany
90%
What is the worlds largest country?Russia
90%
Where is the Sydney Opera House LocatedSydney
90%
What is the largest ocean in the world?Pacific Ocean
88%
What is the smallest country in the world?Vatican City
88%
Who is the Queen of the UKQueen Elizabeth II
85%
What is the most populous county in the world?China
82%
What is the worlds tallest building?Burj Khalifa
74%
What is the longest river in the world?River Nile
71%
What country is connected to the UK via the English Channel?France
64%
As of July 10th, what county has most Covid-19 cases and deathsUnited States
52%
What is the largest island in the world?Greenland
49%
What country receives the most tourists per year?France
44%
What is the worlds largest lake?Caspian Sea
36%
What is the poorest country using GNI (Gross National Income)Burundi
33%
What country has the most murders per year?Brazil
25%
What is the coldest country in the worldCanada
22%

Score Distribution

Percentile by Number Answered

Percent of People with Each Score

Your Score History

You have not taken this quiz